| 000 | 00628nam a22002297a 4500 | ||
|---|---|---|---|
| 001 | 00028913 | ||
| 005 | 20260425111750.0 | ||
| 008 | 260425b ag ||||| |||| 00| 0 spa d | ||
| 020 | _a844130887 | ||
| 040 |
_aAR-CcCEOS _bspa _cAR-CcCEOS |
||
| 041 | _aspa | ||
| 080 | _a94:7(430) | ||
| 090 | _bGRU v.2 | ||
| 100 | 1 |
_aGrunfeld, Frederic V. _91109 |
|
| 245 |
_aLos prÃncipes de Alemania : _bVolumen II / _cFrederic V. Grunfeld |
||
| 264 |
_aBarcelona : _bFolio, _c1998. |
||
| 300 |
_a176 p. ; _c24x18 cm. |
||
| 490 | _vAtlas culturales del mundo | ||
| 650 | 0 |
_ahistoria _990 |
|
| 655 | 0 |
_aarte _9138 |
|
| 942 |
_2udc _cBK _n0 |
||
| 999 |
_c28965 _d28965 |
||